000 00352nam a2200145Ia 4500
008 231129s2010||||xx |||||||||||||| ||spa||
020 _a978-958-42-2390-6-95
040 _bspa
082 _aCo863 J37b
100 _aJaramillo Mario
245 0 _aBolas negras
260 _c2010
264 _aPlaneta
942 _2ddc
_cBKS
999 _c6252
_d6252